000 00825nam a22002297a 4500
005 20240214115354.0
010 _aENG-139226
020 _c589.00
_a9789356061859
035 _aEN-122758
037 _bDBAD/PUB
082 _a005.133
_21
100 _aTaneja, Sheetal
_962050
245 _aProblem Solving Using Python Programming/
_cBy Sheetal Taneja...[et.al]
250 _a1
260 _aUttar Pradesh
_bPearson India Education Pvt Ltd
_c2022
270 _bUttar Pradesh
_a15th FLoor, Tower-B, World Trade Tower, Plot No.1, Block- C, Sector-16, Noida
_e201301
300 _axvi,662p.
_c23cm(pb)
_bIndex
700 _aNaveen Kumar
_962051
700 _aChandrasekaran, Sumathi Appasamy
_e Contributed
_962052
700 _aVigenesh, V.
_e Contributed
_962053
942 _2ddc
_cEN
_h005.133
_mTAN
_e1
999 _c200729
_d200729